| 000 | 00924cam a2200313 4500 | ||
|---|---|---|---|
| 008 | 000000n1999 000 0 eng u | ||
| 020 | _a0582285119 | ||
| 035 | _a(Sirsi) u100503 | ||
| 041 | _aENG | ||
| 050 | _a692.8 | ||
| 100 | _aTurner, Dennis F | ||
| 245 | _aBuilding contract claims and disputes. | ||
| 250 | _a2nd | ||
| 260 |
_aHarlow, Essex _b Addison Wesley Longman Ltd _c1999 |
||
| 300 | _axviii, 605p. ; 24cm. | ||
| 350 | _a55.00 | ||
| 650 |
_aContracts _96232 |
||
| 650 | _aCONTRACT DISPUTES | ||
| 650 | _aTENDERING | ||
| 650 | _aCONTRACT CLAIMS | ||
| 650 | _aEXTENSION OF TIME | ||
| 650 | _aDELAYS | ||
| 650 | _aJCT | ||
| 650 | _aBUILT ENVIRONMENT-BUILDING CONTRACT FORMS-STANDARD FORMS OF BUILDING CONTRACT-INSTITUTION OF CIVIL ENGINEERS CONTRACTS | ||
| 650 | _aNEW ENGINEERING CONTRACTS | ||
| 690 | _aBUILT ENVIRONMENT-BUILDING CONTRACT FORMS | ||
| 700 | _aTurner, Alan | ||
| 942 | _n0 | ||
| 999 |
_c99707 _d99707 |
||